| 000 | 00648nas a2200217 4500 | ||
|---|---|---|---|
| 001 | BR7807100 | ||
| 003 | BR-BrBNA | ||
| 005 | 20231205083540.0 | ||
| 007 | ta | ||
| 008 | 230509b bl.|||p| |||| 00| 00por d | ||
| 040 |
_aBR-BrBNA _bpor _cBiblioteca Nacional de Agricultura |
||
| 041 | _a(Pt) | ||
| 072 | _aE15 | ||
| 100 | 1 | _aLauschner, R. | |
| 245 | 1 | _aAgroindustria cooperativa e o agricultor [Brasil] | |
| 650 | _aINDUSTRIA AGRICOLA | ||
| 650 | _aCOOPERATIVA | ||
| 773 | 0 |
_tAgricultura e Cooperativismo (Brazil) _xISSN 0100-5758 _g(Oct 1978), v. 3(30) p. 147-148 _wBR7807100 |
|
| 909 |
_a202311 _bLúcia _c55 _dLúcia Elande |
||
| 942 |
_2AGRIS _n0 _cANA |
||
| 999 |
_c99598 _d99598 |
||